背番号10番台の現役選手(2026) - Statistics

General Stats
  • This quiz has been taken 24 times
  • The average score is 57 of 93
Answer Stats
草加球団 番号 ポジション 選手名 % Correct
巨人 10 捕手 甲斐拓也
95%
阪神 12 捕手 坂本誠志郎
90%
阪神 16 投手 西勇輝
90%
阪神 17 捕手 伏見寅威
85%
DeNA 11 投手 東克樹
85%
DeNA 19 投手 山﨑康晃
85%
巨人 11 投手 田中将大
85%
巨人 19 投手 山﨑伊織
85%
中日 19 投手 髙橋宏斗
85%
ヤクルト 13 内野手 オスナ
85%
日本ハム 18 投手 山﨑福也
85%
オリックス 11 投手 山下舜平大
85%
オリックス 12 投手 東晃平
85%
西武 10 捕手 小島大河
85%
西武 13 投手 髙橋光成
85%
ロッテ 14 投手 小島和哉
85%
阪神 13 投手 岩崎優
80%
DeNA 10 捕手 戸柱恭孝
80%
巨人 13 外野手 キャベッジ
80%
広島 16 投手 森翔平
80%
ヤクルト 17 投手 清水昇
80%
日本ハム 10 捕手 清水優心
80%
オリックス 18 投手 宮城大弥
80%
阪神 14 投手 岩貞祐太
75%
中日 17 投手 柳裕也
75%
広島 14 投手 大瀬良大地
75%
日本ハム 17 投手 伊藤大海
75%
西武 11 投手 上田大河
75%
ロッテ 10 内野手 上田希由翔
75%
DeNA 14 投手 石田健大
70%
巨人 15 投手 大勢
70%
ヤクルト 18 投手 奥川恭伸
70%
ヤクルト 19 投手 石川雅規
70%
ソフトバンク 12 捕手 嶺井博希
70%
楽天 11 投手 岸孝之
70%
楽天 18 投手 前田健太
70%
阪神 18 投手 伊原陵人
65%
阪神 19 投手 下村海翔
65%
DeNA 12 投手 竹田祐
65%
DeNA 13 投手 伊勢大夢
65%
広島 18 投手 森下暢仁
65%
広島 19 投手 床田寛樹
65%
ソフトバンク 10 投手 上沢直之
65%
日本ハム 14 投手 加藤貴之
65%
オリックス 10 内野手 大城滉二
65%
西武 12 投手 渡邉勇太朗
65%
西武 16 投手 隅田知一郎
65%
DeNA 18 投手 小園健太
60%
広島 10 内野手 佐々木泰
60%
ヤクルト 12 投手 石山泰稚
60%
日本ハム 15 投手 北山亘基
60%
楽天 19 投手 荘司康誠
60%
西武 17 投手 松本航
60%
DeNA 16 投手 大貫晋一
55%
中日 11 投手 中西聖輝
55%
中日 16 投手 櫻井頼之介
55%
ヤクルト 15 投手 中村優斗
55%
ソフトバンク 11 投手 津森宥紀
55%
日本ハム 16 投手 達孝太
55%
オリックス 16 投手 平野佳寿
55%
ロッテ 15 投手 横山陸人
55%
巨人 12 外野手 萩尾匡也
50%
巨人 17 投手 西舘勇陽
50%
広島 13 投手 森浦大輔
50%
ヤクルト 11 投手 キハダ
50%
ソフトバンク 19 投手 大津亮介
50%
オリックス 19 投手 山岡泰輔
50%
西武 19 投手 佐藤隼輔
50%
ロッテ 16 投手 種市篤暉
50%
ロッテ 18 投手 石垣元気
50%
中日 13 投手 橋本侑樹
45%
中日 14 投手 草加翔
45%
広島 11 投手 齊藤汰直
45%
広島 17 投手 常廣羽也斗
45%
ヤクルト 10 内野手 宮本丈
45%
ソフトバンク 16 投手 東浜巨
45%
日本ハム 12 投手 矢澤宏太
45%
オリックス 13 投手 寺西成騎
40%
オリックス 15 投手 椋木蓮
40%
オリックス 17 投手 曽谷龍平
40%
ロッテ 19 投手 唐川侑己
40%
楽天 12 外野手 ゴンザレス
35%
楽天 13 投手 藤原聡大
35%
西武 15 投手 與座海人
35%
ロッテ 13 投手 毛利海大
35%
ソフトバンク 13 投手 稲川竜汰
30%
日本ハム 13 投手 生田目翼
30%
楽天 17 投手 古謝樹
30%
ソフトバンク 18 投手 徐若熙
25%
日本ハム 19 投手 玉井大翔
25%
楽天 15 投手 コントレラス
25%
ロッテ 11 投手 カスティーヨ
25%
DeNA 15 投手 島田舜也
20%
No matching quizzes found
Score Distribution
Percent of People with Each Score
Percentile by Number Answered
Your Score History
You have not taken this quiz